| 000 | 00503nam a2200133Ia 4500 | ||
|---|---|---|---|
| 008 | 160809s9999 xx 000 0 und d | ||
| 100 | _aChristoph Barmeyer. | ||
| 245 | _aOver 50 Years on Culture’s Service? Intercultural Competence and the Representation of Foreign Realities in James Bond Films | ||
| 245 | _cChristoph Barmeyer. | ||
| 260 | _bStudies in Media and Communication | ||
| 260 | _cJune 2016 | ||
| 650 | _xCOMMUNICATION | ||
| 856 | _uhttp://redfame.com/journal/index.php/smc/issue/view/63 | ||
| 999 |
_c299987 _d299987 |
||